Clic A quel pays actuel correspond cette ancienne appelation ? (5) - Statistiques

Statistiques générales
  • Ce quiz a été pris 11 fois
  • Le résultat moyen est 7 sur 25
Statistiques - réponses
Hint Réponse % Correct
République de Weimar Allemagne
67%
Dominion de Terre-Neuve Canada
67%
Colonie d'Acadie Canada
67%
Etat du Zaïre RD Congo
67%
Royaume de Kent Royaume-Uni
56%
Royaume de Phénicie Liban
44%
Cité de Yaxchilan Mexique
44%
République des Provinces-Unis Pays-Bas
44%
Principauté de Valachie Roumanie
44%
Grand-duché d'Oldenbourg Allemagne
33%
Mandchoukouo Chine
33%
Etat du Sud-Kasaï RD Congo
33%
Royaume de Lan Xang Laos
22%
Royaume de Haumaka Chili
11%
Territoire de l'Inini France
11%
Cité de Seibal Guatemala
11%
Cité d'Umma Irak
11%
Royaume de Fotriu Royaume-Uni
11%
Royaume de Fou-nan Cambodge
0%
Royaume de Cofitachequi Etats-Unis
0%
Royaume de Rimatara France
0%
Royaume de Moab Jordanie
0%
Royaume de Bernicie Royaume-Uni
0%
Cité de Mari Syrie
0%
Royaume de Carie Turquie
0%
Aucun quiz correspondant
Distribution des résultats
% des personnes avec chaque résultat
Percentile par nombre de réponses
Votre historique - résultats
Vous n’avez pas pris ce quiz